Aadhunik bangla prayug abhidhan (Record no. 6710)

MARC details
000 -LEADER
fixed length control field 00561cam a2200217ua 4500
001 - CONTROL NUMBER
control field 7593
005 - DATE AND TIME OF LATEST TRANSACTION
control field 20260515114232.0
008 - FIXED-LENGTH DATA ELEMENTS--GENERAL INFORMATION
fixed length control field 141217n ii |||gr||||Z||||||ben
020 ## - INTERNATIONAL STANDARD BOOK NUMBER
International Standard Book Number 8177563114
040 ## - CATALOGING SOURCE
Transcribing agency MAIN
041 ## - LANGUAGE CODE
Language code of text/sound track or separate title ben
082 ## - DEWEY DECIMAL CLASSIFICATION NUMBER
Classification number 891.4403
100 ## - MAIN ENTRY--PERSONAL NAME
Personal name Bhattacharya, S.,
Relator term Editor.
245 1# - TITLE STATEMENT
Title Aadhunik bangla prayug abhidhan
Statement of responsibility, etc. Edited by Subhash Bhattacharya
250 ## - EDITION STATEMENT
Edition statement 1st.
260 ## - PUBLICATION, DISTRIBUTION, ETC.
Place of publication, distribution, etc. Calcutta:
Name of publisher, distributor, etc. Ananda,
Date of publication, distribution, etc. 2003.
300 ## - PHYSICAL DESCRIPTION
Extent 359p.
653 ## - INDEX TERM--UNCONTROLLED
Uncontrolled term East Indo-European & Celtic literatures
653 ## - INDEX TERM--UNCONTROLLED
Uncontrolled term Bengali dictionary
942 ## - ADDED ENTRY ELEMENTS (KOHA)
Koha item type Books
Holdings
Withdrawn status Lost status Damaged status Not for loan Home library Current library Date acquired Total checkouts Full call number Barcode Date last seen Copy number Price effective from Koha item type
        Naharkatiya College Library Naharkatiya College Library 09/19/2020   891.4403 | AAD 18756 09/19/2020 1 09/19/2020 Books